000 01158nam a22002537a 4500
005 20130606160943.0
008 090728t xxu||||| |||| 00| 0 pun d
010 _aPUN-7447 B-493964-968
020 _c100.00
_a81876542252
035 _aPN-6565 B-493964-968
037 _bDBAD / PUB/Manpreet Prakashan
037 _bBPPD/KKP
040 _adpl
_bPN
082 _a854
245 _aਕਾਵਿ-ਕਣੀਆਂ : ਵਾਘਿਉਂ /
_cਮਨਜੀਤ ਸਿੰਘ ਤੇ ਰਣਬੀਰ ਸਾਰੰਗ ਦ੍ਵਾਰਾ ਸੰਪਾਦਿਤ
246 _aKaav-Kanniyan:Vaghion paar dian
_bed by Manjit Singh
260 _aDelhi
_bManpreet Prakashan
_c2011
270 _b16/16,1st Floor,Geeta Colony
_aDelhi
_k9312271252
_e110031
_mmanpreet1948@gmail.com
300 _a55ਪਂ;
_b21ਸੇਂਮੀ(ਸਜਿਲਦ)
700 _953282
_aਮਨਜੀਤ ਸਿੰਘ
700 _a ਰਣਬੀਰ ਸਾਰੰਗ
_953424
942 _2ddc
_cPN
_h854
_mਕਾਵਿਕ
999 _c71154
_d71154